Everyone wins! : cooperative games & activities for all ages
| Main Author: | |
|---|---|
| Other Authors: | |
| Format: | Book |
| Published: |
Canada :
New Society Publishers ,
2019
|
| Subjects: |
MARC
| LEADER | 00000cam a2200000 7i4500 | ||
|---|---|---|---|
| 001 | 0000242552 | ||
| 005 | 20200610174411.0 | ||
| 020 | |a 9780865719026 | ||
| 090 | 0 | 0 | |a 796.1 |b LUV |
| 100 | 1 | |a Luvmour, Josette | |
| 245 | 1 | 0 | |a Everyone wins! : |b cooperative games & activities for all ages |c Josette & Ba Luvmour |
| 260 | |a Canada : |b New Society Publishers , |c 2019 | ||
| 300 | |a 163p. ; |c 22cm. | ||
| 650 | 0 | |a Cooperativeness in children | |
| 650 | 0 | |a Games | |
| 650 | 0 | |a Group games | |
| 700 | 1 | |a Luvmour, Ba | |
| 999 | |a 00380763 |b BUKU |c PINJAMAN |e PERPUSTAKAAN KOMUNITI CAW BANDAR UTAMA | ||